100 людей, изменивших США - Statistics

General Stats
  • This quiz has been taken 35 times
    27 since last reset
  • The average score is 42 of 99
Answer Stats
Подсказка Ответ % Correct
16-й президент США, освободивший рабов. Авраам Линкольн
100%
Автор романа «Убить пересмешника». Харпер Ли
100%
Первый президент США. Джордж Вашингтон
89%
Единственный президент США, пробывший на посту более двух сроков. Франклин Рузвельт
89%
Создатель Микки Мауса. Уолт Дисней
89%
Первый темнокожий президент США. Барак Обама
89%
Президент США, убитый в Далласе в 1963 году. Джон Ф. Кеннеди
83%
Самый пожилой президент США на момент вступления в должность. Дональд Трамп
83%
Первая леди США в начале 1960-х годов и икона стиля. Жаклин Кеннеди
83%
Промышленник, изменивший автопром с помощью конвейерного метода. Генри Форд
78%
Автор романа «Приключения Тома Сойера». Марк Твен
78%
Певец, известный песней «Billie Jean». Майкл Джексон
78%
Один из основателей корпорации «Apple». Стив Джобс
78%
Лучший баскетболист в истории. Майкл Джордан
78%
Первый человек, ступивший на Луну. Нил Армстронг
78%
Боксёр, прототип Аполло Крида из «Рокки». Мухаммед Али
72%
40-й президент США и бывший актёр Голливуда. Рональд Рейган
72%
Джазовый трубач, известный песней «What a Wonderful World». Луи Армстронг
72%
Лидер движения за гражданские права чернокожих в США. Мартин Лютер Кинг
72%
Лидер рок-группы «Nirvana». Курт Кобейн
72%
Автор романа «Оно». Стивен Кинг
72%
Изображён на стодолларовой купюре. Бенджамин Франклин
67%
Один из основателей «Facebook». Марк Цукерберг
67%
Известен ролями в фильмах «Волк с Уолл-стрит» и «Титаник». Леонардо Ди Каприо
67%
Создатель азбуки, использующей точки и тире. Сэмюэл Морзе
67%
Первый долларовый миллиардер в истории человечества. Джон Дэвисон Рокфеллер
61%
Один из основателей корпорации «Microsoft». Билл Гейтс
61%
Режиссёр фильмов «Парк юрского периода» и «Спасти рядового Райана». Стивен Спилберг
56%
Автор романа «451 градус по Фаренгейту». Рэй Брэдбери
56%
Известна ролями в фильмах «В джазе только девушки» и «Зуд седьмого года». Мэрилин Монро
56%
Режиссёр фильмов «Криминальное чтиво» и «Убить Билла». Квентин Тарантино
56%
Теннисистка, самая возрастная первая ракетка мира. Серена Уильямс
56%
Композитор, написавший музыку к фильму «Челюсти». Джон Уильямс
56%
Единственный президент США, ушедший в отставку до окончания срока. Ричард Никсон
50%
Известен ролями в фильмах «Крёстный отец» и «Лицо со шрамом». Аль Пачино
50%
Режиссёр фильмов «Космическая одиссея 2001 года» и «Заводной апельсин». Стэнли Кубрик
50%
Основатель корпорации «Amazon». Джефф Безос
50%
Известен ролями в фильмах «Филадельфия» и «Форрест Гамп». Том Хэнкс
50%
Третий президент США. Томас Джефферсон
44%
Автор романа «Прощай, оружие!». Эрнест Хемингуэй
44%
Певец, известный песней «My Way». Фрэнк Синатра
44%
Создатель фантастической саги «Звёздные войны». Джордж Лукас
44%
Известен ролями в фильмах «Охотник на оленей» и «Таксист». Роберт Де Ниро
44%
Физик-ядерщик, руководивший Манхэттенским проектом. Роберт Оппенгеймер
44%
34-й президент США, командовавший союзниками при высадке в Нормандии. Дуайт Эйзенхауэр
44%
Рэпер, известный песней «Lose Yourself». Эминем
44%
Создатели первого успешного летательного аппарата. Братья Райт
44%
Пловец, рекордсмен по количеству олимпийских золотых медалей. Майкл Фелпс
44%
Певец, известный песней «Jailhouse Rock». Элвис Пресли
39%
Создатель фонографа. Томас Эдисон
39%
Режиссёр фильмов «Апокалипсис сегодня» и «Крёстный отец». Фрэнсис Форд Коппола
39%
Известен ролями в фильмах «Апокалипсис сегодня» и «Крёстный отец». Марлон Брандо
39%
Баскетболист, по прозвищу «Чёрная мамба». Коби Брайант
39%
Певица, известная песней «Like a Virgin». Мадонна
39%
Певица, известная песней «Poker Face». Леди Гага
39%
Третья жена Сергея Есенина. Айседора Дункан
39%
Гитарист, известный песней «All Along the Watchtower». Джими Хендрикс
33%
Рэпер, известный песней «Dear Mama». Тупак Шакур
33%
Известен ролями в фильмах «Грязный Гарри» и «Хороший, плохой, злой». Клинт Иствуд
33%
Военачальник, принявший капитуляцию Японии в 1945 году. Дуглас Макартур
33%
Самый молодой чемпионом мира по боксу в тяжёлом весе. Майк Тайсон
33%
Известен ролями в фильмах «Джерри Магуайер» и «Лучший стрелок». Том Круз
33%
Криминальный босс Чикаго в 1920-х годах. Аль Капоне
33%
Гольфист, первый спортсмен-миллиардер в истории. Тайгер Вудс
33%
Режиссёр фильмов «Славные парни» и «Таксист». Мартин Скорсезе
28%
Известна ролями в фильмах «Клеопатра» и «Кто боится Вирджинии Вульф?». Элизабет Тейлор
28%
Создатель картины «Американская готика». Грант Вуд
28%
Лучший снайпер в истории регулярных сезонов и плей-офф НБА. Леброн Джеймс
28%
Лидер рок-группы «The Doors». Джим Моррисон
22%
Автор стихотворения «Ворон». Эдгар Аллан По
22%
Автор романа «Дюна». Фрэнк Герберт
22%
Известен ролями в фильмах «Красная пыль» и «Унесённые ветром». Кларк Гейбл
22%
Игрок НФЛ, выигравший семь Супербоулов. Том Брэди
22%
Создатель картины «Банки с супом Кэмпбелл». Энди Уорхол
22%
Государственный секретарь США и лауреат Нобелевской премии мира. Генри Киссинджер
22%
Автор романа «Моби Дик». Герман Мелвилл
17%
Активистка, вдохновившая бойкот общественного транспорта в США. Роза Паркс
17%
Певец, известный песней «Hit the Road Jack». Рэй Чарльз
17%
Режиссёр фильмов «Малхолланд Драйв» и «Синий бархат». Дэвид Линч
17%
Известна ролями в фильмах «Ноттинг-Хилл» и «Эрин Брокович». Джулия Робертс
17%
Режиссёр фильмов «Гражданин Кейн» и «Печать зла». Орсон Уэллс
11%
Пионер современного вертикального скейтбординга. Тони Хоук
11%
Известен ролями в фильмах «Мальтийский сокол» и «Касабланка». Хамфри Богарт
11%
Вторая самая титулованная олимпийская гимнастка. Симона Байлз
11%
Четвёртый президент США. Джеймс Мэдисон
11%
Певец, известный песней «It’s a Man’s Man’s Man’s World». Джеймс Браун
11%
Первая женщина-пилот, перелетевшая Атлантический океан. Амелия Эрхарт
11%
Известна ролями в фильмах «Африканская королева» и «Лев зимой». Кэтрин Хепбёрн
6%
Известен как «отец водородной бомбы». Эдвард Теллер
6%
Астрофизик, внёсший решающий вклад в понимание структуры космоса. Эдвин Хаббл
6%
Первый государственный казначей США. Александр Гамильтон
6%
Известна ролями в фильмах «Волшебник страны Оз» и «Звезда родилась». Джуди Гарленд
6%
Бейсболист, по прозвищу «Чёрная мамба». Бейб Рут
6%
Химик, получивший Нобелевские премии по химии и миру. Лайнус Полинг
0%
Создатель картины «Полуночники». Эдвард Хоппер
0%
Один из создателей квантовой электродинамики. Ричард Фейнман
0%
Композитор, прославившийся биг-бэндом и оригинальными аранжировками. Дюк Эллингтон
0%
Первая американка, побывавшая в космосе. Салли Райд
0%
Первый лётчик, перелетевший Атлантический океан. Чарльз Линдберг
0%
No matching quizzes found
Score Distribution
Percent of People with Each Score
Percentile by Number Answered
Your Score History
You have not taken this quiz since the last reset